Seguridad social /
Guardado en:
| Autor Corporativo: | |
|---|---|
| Formato: | |
| Series: | Encrucijadas 2000
|
| Materias: | |
| Etiquetas: |
Agregar Etiqueta
Sin Etiquetas, Sea el primero en etiquetar este registro!
|
| LEADER | 00990ngm a22002655g 4500 | ||
|---|---|---|---|
| 001 | CEM.cems022486 | ||
| 008 | 130507b2000##################0###0#####d | ||
| 005 | 20241105132657.0 | ||
| 245 | 1 | 0 | |a Seguridad social / |c ATC. |
| 300 | |a 24'. | ||
| 490 | 0 | |a Encrucijadas 2000 | |
| 500 | |a En soporte VHS, consultar en ventanilla. | ||
| 505 | 0 | |a La seguridad social y su relación con la distribución de la riqueza. El sistema previsional. Las AFJP y las ART. Ley de riesgos de trabajo. La privatización de la seguridad social a manos de empresas que buscan rentabilidad. | |
| 538 | |a Soporte: VHS - Norma: Pal N - Color: Si - Grabación DRD 2000 - Hitachi=2390 | ||
| 110 | 2 | |a ATC. | |
| 082 | 3 | 0 | |/ ATC |
| 653 | |a SEGURIDAD SOCIAL | ||
| 653 | |a REGIMEN PREVISIONAL | ||
| 653 | |a JUBILACION | ||
| 653 | |a AFJP | ||
| 653 | |a ART | ||
| 653 | |a PRIVATIZACIONES | ||
| 653 | |a NIVEL PRIMARIO | ||
| 653 | |a NIVEL SECUNDARIO | ||
| 859 | |a CEMS |b BIB. CEMS - Depto. Recursos Didacticos |h 301 |i ATC |k DRD |p 1129.12 |t Ej.1 | ||
